MARC

LEADER 00000nam0a2200000 4500
001 372792
005 20231101050420.0
020 |a RU  |b 85-79727 
035 |a (RuTPU)RU\TPU\retro\30217 
035 |a RU\TPU\book\222966 
090 |a 372792 
100 |a 20221215d1985 k a0rusy5003 ca 
101 0 |a rus 
102 |a MD 
105 |a a z 000zy 
200 1 |a Регулируемый электропривод насосных агрегатов  |f Ю. А. Дмитренко  |g Академия наук Молдавской ССР (АН МССР) 
210 |a Кишинев  |c Штиинца  |d 1985 
215 |a 100 с.  |c ил.  |d 21 см 
610 1 |a насосные установки 
610 1 |a водоснабжение 
610 1 |a электроприводы 
610 1 |a насосное хозяйство 
610 1 |a насосные установки 
610 1 |a характеристики 
610 1 |a технические средства 
610 1 |a датчики 
610 1 |a технико-экономический анализ 
610 1 |a эффективность 
675 |a 628.12-83-52  |z rus  |v 3 
700 1 |a Дмитренко  |b Ю. А.  |g Юрий Александрович 
712 0 2 |a Академия наук Молдавской ССР (АН МССР)  |2 stltpush  |3 (RuTPU)RU\TPU\col\85 
801 0 |a RU  |b RuMRKP  |c 19950704  |g psbo 
801 1 |a RU  |b 63413507  |c 20111126 
801 2 |a RU  |b 63413507  |c 20221215  |g RCR 
942 |c BK